| 000 | 00917nam a22003257a 4500 | ||
|---|---|---|---|
| 005 | 20230830112926.0 | ||
| 008 | 170824b2002 xxu||||| |||| 00| 0 spa d | ||
| 020 | _a9788429134568 | ||
| 041 | _aESP | ||
| 082 | _a621.381.5 G493i2 | ||
| 100 |
_aGinzburg, Mario Carlos _943952 |
||
| 245 | _aIntroducción a las técnicas digitales con circuitos integrados | ||
| 250 | _a2 edición | ||
| 260 | _aBarcelona | ||
| 260 | _bEditorial Reverté | ||
| 260 | _c2002 | ||
| 300 | _a505 páginas | ||
| 650 | _aELECTRÓNICA DIGITAL | ||
| 650 | _aCIRCUITOS INTEGRADOS | ||
| 650 | _aÁLGEBRA DE BOOLE | ||
| 650 | _aCIRCUITOS COMBINACIONALES | ||
| 650 | _aFUNCIONES ARITMÉTICOS | ||
| 650 | _aCIRCUITOS ASOCIADOS | ||
| 650 | _aDIODOS | ||
| 650 | _aTRANSISTORES | ||
| 650 | _aFAMILIAS LÓGICAS | ||
| 650 | _aCIRCUITOS SECUENCIALES | ||
| 942 |
_cBK _2ddc |
||
| 999 |
_c9796 _d9796 |
||